000 00691nam a2200265Ia 4500
005 20260121170101.0
008 008 260114s9999 xx 000 0 eng d
020 _a9783319393964
037 _aEBOOK
040 _aCRL
040 _beng
040 _cCRL
041 _2eng
041 _aeng
084 _qCRL
100 _aFiona Fui-Hoon Nah, Chuan-Hoo Tan
_91059617
245 0 _aHCI in Business, Government, and Organizations: eCommerce and Innovation
260 _bSpringer
260 _bSpringer
260 _c2016
856 _uhttps://link.springer.com/openurl?genre=book&isbn=978-3-319-39396-4
942 _cEBOOK
999 _c1625346
_d1625346